Трибунал. Брачная комедия, судебная комедия и водевиль

Bibliographic Details
Main Author: Войнович В. Н. Владимир Николаевич
Summary:Новая книга Владимира Войновича — настоящее не только литературное, но и культурное событие современности. В этой книге картина нашей сегодняшней действительности дана с яркостью и полнотой великолепного таланта, ровесника эпохи, пожалуй, одного из самых известных классиков русской прозы. Время действия в новой книге — от далекого 1982 года до сегодняшнего дня, место действия — современная Россия, в которой действительность-фантастичнее любого вымысла, а из людей действительно можно делать гвозди, как писал другой известный классик. Только построить на этих гвоздях вряд ли что-то получится...
Language:Russian
Published: Москва, Эксмо, 2014
Series:Классическая проза Владимира Войновича
Subjects:
Format: Book
KOHA link:https://koha.lib.tpu.ru/cgi-bin/koha/opac-detail.pl?biblionumber=257022

MARC

LEADER 00000nam0a2200000 4500
001 257022
005 20231101233151.0
010 |a 9785699705191 
035 |a (RuTPU)RU\TPU\book\279780 
090 |a 257022 
100 |a 20140414d2014 m y0rusy50 ca 
101 0 |a rus 
102 |a RU 
105 |a y z 000ay 
200 1 |a Трибунал. Брачная комедия, судебная комедия и водевиль  |f В. Н. Войнович 
210 |a Москва  |c Эксмо  |d 2014 
215 |a 252 с. 
225 1 |a Классическая проза Владимира Войновича 
330 |a Новая книга Владимира Войновича — настоящее не только литературное, но и культурное событие современности. В этой книге картина нашей сегодняшней действительности дана с яркостью и полнотой великолепного таланта, ровесника эпохи, пожалуй, одного из самых известных классиков русской прозы. Время действия в новой книге — от далекого 1982 года до сегодняшнего дня, место действия — современная Россия, в которой действительность-фантастичнее любого вымысла, а из людей действительно можно делать гвозди, как писал другой известный классик. Только построить на этих гвоздях вряд ли что-то получится... 
606 1 |a Русская литература современная  |2 stltpush  |3 (RuTPU)RU\TPU\subj\26373  |9 50316 
610 1 |a проза 
610 1 |a драматургия 
610 1 |a комедии 
610 1 |a водевили 
675 |a Р2  |v 3 
700 1 |a Войнович  |b В. Н.  |c русский писатель  |f 1932-  |g Владимир Николаевич  |2 stltpush  |3 (RuTPU)RU\TPU\pers\1112  |9 502 
801 1 |a RU  |b 63413507  |c 20140414 
801 2 |a RU  |b 63413507  |c 20170815  |g RCR 
942 |c BK 
959 |a 68/20140410  |d 1  |e 369,60  |f ХФ:1